000 04165cam a2200481Ka 4500
001 ocn646863718
003 OCoLC
005 20210303085422.0
006 m d
007 cr un|||||||||
008 100712s2001 ne a ob 000 0 eng d
020 _a9781849501101 (electronic bk.) :
_c£72.95 ; € 106.95 ; $135.95
020 _a1849501106 (electronic bk.) :
_c£72.95 ; € 106.95 ; $135.95
020 _z0762307951 (hbk.)
020 _z9780762307951 (hbk.)
040 _aZJC
_beng
_cZJC
_dZJC
050 1 4 _aHD62.4
_b.R43 2001
072 7 _aKJK
_2bicssc
072 7 _aJFFS
_2bicssc
072 7 _aBUS035000
_2bisacsh
080 _a339.5
082 0 4 _a658/.049
_222
245 0 0 _aReassessing the internationalization of the firm
_h[electronic resource] /
_cedited by Catherine N. Axinn, Paul Matthyssens.
260 _aAmsterdam ;
_aNew York :
_bJAI,
_c2001.
300 _a1 online resource (ix, 275 p. :
_bill.)
490 1 _aAdvances in international marketing,
_x1474-7979 ;
_vv. 11
504 _aIncludes bibliographical references.
505 0 _aPreface / S. Tamer Cavusgil -- Reframing internationalization theory: an introduction / Catherine N. Axinn, Paul Matthyssens -- Internationalization and the multinational enterprise: development of a research tradition / Christine J. Weisfelder -- Conceptual frameworks on SMEs' internationalization: past, present and future trends of research / Alex Rialp, Josep Rialp -- Patterns of internationalization of Brazilian firms and the decision to establish subsidiaries abroad / Antonio Barretto, Angela da Rocha -- Market entry and international technology transfer: a case analysis of ten U.S. high-tech firms in China and Southeast Asia / Roger (Rongxin) Chen, Mark V. Cannice, John D. Daniels -- Internationalization reconsidered: new imperatives for successful growth / Philip M. Rosenzweig, Janet L. Shaner -- Firm internationalization and economic performance: a conceptual synthesis and an empirical assessment of the Chinese experience / Mingfang Li -- A generation perspective on small firm internationalization: from traditional exporters and flexible specialists to born globals / Arild Aspelund, Øystein Moen -- The internationalization of industrial purchasing: the example of small Danish manufacturers / Per Servais, Jan Moller Jensen -- Toward a (more) dynamic theory of internationalization: international market withdrawal as empirical extreme / Pieter Pauwels, Paul Matthyssens.
520 _aAs the international behaviour of firms changes, so too must the theories used to describe, explain and predict that behaviour change. This volume is conceived as an exploration of the evolving nature of internationalization in the context of shifting environmental forces in an effort to: highlight the nature of firms' changing behaviours; explore the potential reasons for those changes; and propose new perspectives from which a more contemporary theory of internationalization can be developed. The papers in this volume examine the internationalization behaviour of a wide range of firms, from MNCs to SMEs, including firms from both developed and emerging economies. Consideration is given to the rapid internationalization of "born global" firms, to inward as well as outward internationalization and to the dynamic nature of internationalization at the beginning of the 21st century.
588 _aDescription based on print version record.
650 0 _aInternational business enterprises
_xManagement.
650 0 _aExport marketing.
650 0 _aCompetition, International.
650 7 _aInternational business.
_2bicssc
650 7 _aGlobalization.
_2bicssc
650 7 _aBusiness & Economics
_xInternational
_xGeneral.
_2bisacsh
700 1 _aAxinn, Catherine Nancy.
700 1 _aMatthyssens, Paul.
776 0 8 _iPrint version:
_tReassessing the internationalization of the firm.
_b1st ed.
_dAmsterdam ; New York : JAI, 2001
_z0762307951
_w(DLC) 2001041348
_w(OCoLC)47140796
830 0 _aAdvances in international marketing ;
_vv. 11.
856 4 0 _uhttps://www.emerald.com/insight/publication/doi/10.1016/S1474-7979(2001)11
913 _1BMEbacklist
999 _c32095
_d32095